|
|
|
|
| LEADER |
02564nam a22005175i 4500 |
| 001 |
978-3-319-33234-5 |
| 003 |
DE-He213 |
| 005 |
20160912201248.0 |
| 007 |
cr nn 008mamaa |
| 008 |
160912s2016 gw | s |||| 0|eng d |
| 020 |
|
|
|a 9783319332345
|9 978-3-319-33234-5
|
| 024 |
7 |
|
|a 10.1007/978-3-319-33234-5
|2 doi
|
| 040 |
|
|
|d GrThAP
|
| 050 |
|
4 |
|a RC1200-1245
|
| 072 |
|
7 |
|a MMS
|2 bicssc
|
| 072 |
|
7 |
|a MED084000
|2 bisacsh
|
| 082 |
0 |
4 |
|a 617.1027
|2 23
|
| 245 |
1 |
4 |
|a The Lower Limb Tendinopathies
|h [electronic resource] :
|b Etiology, Biology and Treatment /
|c edited by Giannicola Bisciotti, Piero Volpi.
|
| 264 |
|
1 |
|a Cham :
|b Springer International Publishing :
|b Imprint: Springer,
|c 2016.
|
| 300 |
|
|
|a VI, 202 p. 73 illus., 62 illus. in color.
|b online resource.
|
| 336 |
|
|
|a text
|b txt
|2 rdacontent
|
| 337 |
|
|
|a computer
|b c
|2 rdamedia
|
| 338 |
|
|
|a online resource
|b cr
|2 rdacarrier
|
| 347 |
|
|
|a text file
|b PDF
|2 rda
|
| 490 |
1 |
|
|a Sports and Traumatology,
|x 2105-0759
|
| 505 |
0 |
|
|a General part -- Hamstring syndrome -- Adductor tendinopathy -- Rectus femoris tendinopathy -- Iliopsoas tendinopathy -- Quadriceps tendinopathy -- Iliotibial band tendinopathy -- Goose's foot tendinopathy -- Achilles’ tendinopathy -- Patellar tendinopathy -- Hindfoot tendinopathies. Top testimonials in sport: their experience. .
|
| 520 |
|
|
|a This book examines the subject of lower limb tendinopathy and is divided into two main parts: the first covers the general aspects of tendinopathy, while the second focuses on the specific condition in the lower limb. Each chapter has a clear structure: etiopathogenesis, clinical presentation, imaging, conservative and surgical treatment, and therapeutic indications, making it easy to read. Furthermore, the section on conservative treatment includes important practical application tools.
|
| 650 |
|
0 |
|a Medicine.
|
| 650 |
|
0 |
|a Orthopedics.
|
| 650 |
|
0 |
|a Rehabilitation medicine.
|
| 650 |
|
0 |
|a Sports medicine.
|
| 650 |
|
0 |
|a Physiotherapy.
|
| 650 |
1 |
4 |
|a Medicine & Public Health.
|
| 650 |
2 |
4 |
|a Sports Medicine.
|
| 650 |
2 |
4 |
|a Orthopedics.
|
| 650 |
2 |
4 |
|a Physiotherapy.
|
| 650 |
2 |
4 |
|a Rehabilitation Medicine.
|
| 700 |
1 |
|
|a Bisciotti, Giannicola.
|e editor.
|
| 700 |
1 |
|
|a Volpi, Piero.
|e editor.
|
| 710 |
2 |
|
|a SpringerLink (Online service)
|
| 773 |
0 |
|
|t Springer eBooks
|
| 776 |
0 |
8 |
|i Printed edition:
|z 9783319332321
|
| 830 |
|
0 |
|a Sports and Traumatology,
|x 2105-0759
|
| 856 |
4 |
0 |
|u http://dx.doi.org/10.1007/978-3-319-33234-5
|z Full Text via HEAL-Link
|
| 912 |
|
|
|a ZDB-2-SME
|
| 950 |
|
|
|a Medicine (Springer-11650)
|